00422nam a2200157 i 450000100060000000300090000600500170001500700030003200800410003510000180007624500330009425000120012726000640013930000300020385200310023330111ES-MaACL20230906154135.0t|030123s1949 xxk ||||1| eng d1 aBarrow, R. H.14aThe romans / cR. H. Barrow. a1st ed. aHarmondsworth : bPenguin Books, c[1949] (fHazell Watson) a224 p. : bil. ; c18 cm. aES-MaACLjD-6071 bR.29635